00888cam a2200253 a 450000100100000000500170001000800410002704000290006808200170009710000470011424500560016125000110021726000520022830000210028049000120030150400560031365000360036965000300040583000190043591000330045404900090048795201210049699900170061700001916720200929165934.0720208s1966 enk b 001 0 eng d aDO-SdBNPbengcLCdBNPHU a325.3bP264e1 aParry, J. H.q(John Horace),d1914-94126010aEurope and a wider world, 1415-1715 /cJ. H. Parry. a3a ed. aLondon :bHutchinson University Library,c1966. a176 p. ;c22 cm.1 aHistory aIncluye referencias bibliográficas: p. [170]-172. 4aColonizaciónxHistoria941261 4aComercioxHistoria941262 0aHistory941263 aCatalogación derivada / LC aBNGR 001054708MOaGRbGRcCTd2010-05-27iLF1l0o325.3 P264ep19167-10r2020-06-25w2020-06-25y4ZPréstamo en sala c18685d18685